Tvorba projektu na získanie prostriedkov zo štrukturálnych fondov diplomová práca

Salvato in:
Dettagli Bibliografici
Autore principale: Magyarová, Kristína
Ente Autore: Národohospodárska fakulta EU. Katedra verejnej správy a regionálneho rozvoja
Altri autori: Ivaničková, Alžbeta
Natura: Libro
Lingua:slovacco
Pubblicazione: Bratislava 2009
Tags: Aggiungi Tag
Nessun Tag, puoi essere il primo ad aggiungerne!!

MARC

LEADER 00000nam$a2200000$$$4500
001 0098420
005 20240319124935.0
041 0 |a slo 
044 |a SK 
245 1 0 |a Tvorba projektu na získanie prostriedkov zo štrukturálnych fondov  |b diplomová práca  |c Kristína Magyarová ; škol. Alžbeta Ivaničková 
264 1 |a Bratislava  |c 2009 
300 |a 74 s. 
100 1 |a Magyarová, Kristína 
700 1 |a Ivaničková, Alžbeta 
710 2 |a Národohospodárska fakulta EU. Katedra verejnej správy a regionálneho rozvoja